| 000 | 00545nam a2200193Ia 4500 | ||
|---|---|---|---|
| 003 | OSt | ||
| 005 | 20260302142421.0 | ||
| 008 | 210210b2000 xxu||||| |||| 00| 0 eng d | ||
| 040 | _cAL | ||
| 041 | _aKannada | ||
| 082 | _aK894.9 CHIP | ||
| 100 |
_aCHIDANANDAMURTI (M) _dಚಿದಾನಂದ ಮೂರ್ತಿ(ಎಂ) _9201661 |
||
| 245 |
_aPanditya Rasa _bಪಾಂಡಿತ್ಯ ರಸ |
||
| 260 |
_aHampi _bKannada Vishvavidyalaya _c2000 |
||
| 300 | _a100 | ||
| 690 |
_aKannada Criticism _9201662 |
||
| 906 | _a056918 | ||
| 942 |
_2ddc _cBK |
||
| 999 |
_c104255 _d104255 |
||